000
00249nam a22001097a 4500
999
_c
167676
_d
167676
082
_a
_b
245
_a
Premchand pricharch/
_c
by Ramnath (comp).
260
_a
Allahabad:
_b
Lokbharath,
_c
600
_a
Ramnath (comp).
650
_a
942
_c
BK